Nâng cao đạo đức cách mạng, quét sạch chủ nghĩa cá nhân

Cuốn sách gồm 7 bài viết của Chủ tịch Hồ Chí Minh về đạo đức cách mạng, chống chủ nghĩa cá nhân, đâu tranh phòng ngừa, gột rửa chủ nghĩa cá nhân trong đội ngũ cán bộ, đảng viên.

Shranjeno v:
Bibliografske podrobnosti
Glavni avtor: Hồ Chí Minh
Format: Knjiga
Jezik:Vietnamese
Izdano: H. Chính trị Quốc gia Sự thật 2022
Teme:
Oznake: Označite
Brez oznak, prvi označite!
Thư viện lưu trữ: Thư viện Trường Đại học Nam Cần Thơ
LEADER 01657nam a22002417a 4500
001 NCT_4_014908
008 241127b xxu||||| |||| 00| 0 vie d
999 |c 8708  |d 8708 
020 |a 9786045780855  |c 30000 
082 0 4 |2 23rd ed.  |a 172.1  |b M312 
100 1 |a Hồ Chí Minh 
245 1 0 |a Nâng cao đạo đức cách mạng, quét sạch chủ nghĩa cá nhân  |c Hồ Chí Minh 
260 |a H.  |b Chính trị Quốc gia Sự thật  |c 2022 
300 |a 143 tr.   |c 15 cm 
520 3 |a Cuốn sách gồm 7 bài viết của Chủ tịch Hồ Chí Minh về đạo đức cách mạng, chống chủ nghĩa cá nhân, đâu tranh phòng ngừa, gột rửa chủ nghĩa cá nhân trong đội ngũ cán bộ, đảng viên. 
653 |a Kinh tế chính trị 
942 |2 ddc  |c BK 
952 |0 0  |1 0  |2 ddc  |4 0  |6 172_100000000000000_M312  |7 0  |9 29899  |a 000001  |b 000001  |d 2024-11-27  |o 172.1 M312  |p MD.23094  |r 2024-11-27  |v 30000.00  |w 2024-11-27  |y BK 
952 |0 0  |1 0  |2 ddc  |4 0  |6 172_100000000000000_M312  |7 0  |9 29900  |a 000001  |b 000001  |d 2024-11-27  |o 172.1 M312  |p MD.23095  |r 2024-11-27  |v 30000.00  |w 2024-11-27  |y BK 
952 |0 0  |1 0  |2 ddc  |4 0  |6 172_100000000000000_M312  |7 0  |9 29901  |a 000001  |b 000001  |d 2024-11-27  |o 172.1 M312  |p MD.23096  |r 2024-11-27  |v 30000.00  |w 2024-11-27  |y BK 
952 |0 0  |1 0  |2 ddc  |4 0  |6 172_100000000000000_M312  |7 0  |9 29902  |a 000001  |b 000001  |d 2024-11-27  |o 172.1 M312  |p MD.23097  |r 2024-11-27  |v 30000.00  |w 2024-11-27  |y BK 
952 |0 0  |1 0  |2 ddc  |4 0  |6 172_100000000000000_M312  |7 0  |9 29903  |a 000001  |b 000001  |d 2024-11-27  |o 172.1 M312  |p MD.23098  |r 2024-11-27  |v 30000.00  |w 2024-11-27  |y BK 
980 |a Thư viện Trường Đại học Nam Cần Thơ